000 02671nam1a2200337 i 4500
001 RU\NLR\bibl\1903049
005 20260407072534.0
010 _a9785901679490
035 _a(NLR Aleph) 001892657
090 _a2940932
_c2940932
100 _a20120515g20079999u y0rusy50 ca
101 0 _arus
102 _aRU
105 _a||||z |||||
200 1 _aМетодологии анализа, обеспечивающие основные банковские процессы управления
_e(анализ - основа управления. Методы исследования финансового состояния в практической банковской деятельности. Комплексный анализ рисков, анализ кредитных рисков; анализ при управлении лизинговыми проектами, факторинговым обслуживанием. Анализ ликвидности при планировании и оперативном управлении. Международное кредитование. Управление экономической безопасностью.)
_fРос. экон. акад. им. Г.В. Плеханова, Каф. "Банк. дело"
_g[подгот.: д.э.н., проф. Гончаренко Л.П. и др.]
_gпод ред. В.И. Видяпина, К.Р. Тагирбекова
210 _aМосква
_cКучково поле
_cАссоциация Военная книга
_d2007
215 _d24
225 1 _aБиблиотека банкира Все о коммерческом банке
_e(функции, организация, анализ, управление, технология банка)
_vкн. 6
463 0 _10011874047
463 0 _10011874730
606 1 _aКоммерческие банки
_xУправление
_91542004
_3RU\NLR\auth\66973585
686 _aУ26(2)210.1-21
702 1 _aГончаренко
_bЛ. П.
_gЛюдмила Петровна
_4220
702 1 _4340
_8rus
_7ca
_aВидяпин
_bВ. И.
_gВиталий Иванович
_3RU\NLR\auth\775210
_9115177
712 0 2 _4570
_aРоссийская экономическая академия им. Г. В. Плеханова
_bКафедра "Банковское дело"
_3RU\NLR\AUTH\8810036378
_9571426
801 0 _aRU
_bNLR
_c20120515
_gRCR
801 1 _aRU
_bNLR
_c20120515
830 _aсост., ред. по ЭК
852 _aNLR
_j2012-7/2333
942 _cBOOK